LDR 00676naa#a2200169#i#450# 001 EN\\bibl\122512 005 20260605231705.5 011 ## _a2588-0209 100 ## _a20260601b2026####ek#y0engy0150####ca 102 ## _aRU 200 1# _aEVALUATION OF CORRELATION BETWEEN NDVI VEGETATION INDEX AND NDMI HUMIDITY INDEX ACCORDING TO SENTINEL-2 SATELLITE _eJournal article 210 1# _aMoscow _cElectronic science _d2026 215 ## _a13 с. 608 ## _aJournal article _2local 675 ## _aСельскохозяйственная мелиорация. 631.6 _aПрименение дистанционного зондирования. 528.88 _z 700 #1 _aZver'kov _gMihail Sergeevich 856 4# _amshj.ru _u